Someone Or Nothing? : (Record no. 605102)

MARC details
000 -LEADER
fixed length control field 00505nam a2200193 a 4500
008 - FIXED-LENGTH DATA ELEMENTS--GENERAL INFORMATION
fixed length control field 251223s1995##################000#0#eng##
020 ## - INTERNATIONAL STANDARD BOOK NUMBER
ISBN 9780820428321
082 04 - DEWEY DECIMAL CLASSIFICATION NUMBER
Classification number 261.243
Item number BOW
100 1# - MAIN ENTRY--AUTHOR NAME
Personal name Bowers, Russell H.,
245 10 - TITLE STATEMENT
Title Someone Or Nothing? :
260 ## - PUBLICATION, DISTRIBUTION, ETC. (IMPRINT)
Name of publisher Peter Lang Pub Incorporated,
Year of publication 1995.
300 ## - PHYSICAL DESCRIPTION
Number of Pages 251 pages
650 #0 - SUBJECT ADDED ENTRY--TOPICAL TERM
Topical Term Religion.
942 ## - ADDED ENTRY ELEMENTS (KOHA)
Koha item type English Books
Holdings
Withdrawn status Lost status Damaged status Not for loan Home library Current library Shelving location Date acquired Full call number Accession Number Price effective from Koha item type
        Anna Centenary Library Anna Centenary Library 3RD FLOOR, B WING 26.12.2025 261.243 BOW 216704 26.12.2025 English Books

Find us on the map